000 00336nam a2200145Ia 4500
008 150201s2010 xx 000 0 und d
082 _a616.07
_bP10H
100 _aHARSH MOHAN
245 _aTB. OF PATHOLOGY
250 _a6TH
260 _bJAYPEE BROTHERS
_aDELHI
_c2010
300 _a1-934
650 _aPATHOLOGY
942 _2ddc
_cBK
_0158
999 _c128
_d128